000 00919nas a2200301 4500
001 BR2013004858
003 BR-BrBNA
005 20231205122605.0
007 ta
008 230509b bl.|||p| |||| 00| 00por d
040 _aBR-BrBNA
_bpor
_cBiblioteca Nacional de Agricultura
041 _a(En)
072 _aP33; F06; P40
100 1 _aLima, P.L.T.
100 1 _aMagalhães, C.A. de S.
100 1 _aCarvalho, R.F. de
100 1 _aLima, L.A.
100 1 _aLima, J.M. de
100 1 _aAndrade, L.A. de B.
245 1 _aTrifluralin leaching in soils cultivated with sugarcane irrigated by sub-surface drip system
650 _aIRRIGAÇÃO POR GOTEJAMENTO
650 _aLISÍMETRO
650 _aCONTAMINAÇÃO
650 _aHERBICIDA
773 0 _tIrriga (Brazil)
_xISSN 1808-3765
_g(Jan-Mar 2012), V. 17(1) p. 39-45
_wBR2013004858
909 _a202311
_bLúcia
_c55
_dLúcia Elande
942 _2AGRIS
_n0
_cANA
999 _c229452
_d229452